000 00489nam a2200169 i 4500
001 72625
003 ES-MaACL
005 20230906171509.0
007 t|
008 040902s1972 xxu ||||1| spa d
100 1 _aGodoy, Gustavo.
_957536
245 1 4 _aLas horas furtivas /
_cGustavo Godoy ; carta prólogo de Juan Fonseca.
260 _aMiami (Florida) :
_bUniversal,
_c[1972]
300 _a141 p. ;
_c19 cm.
700 1 _aFonseca, Juan.
_951522
852 _aES-MaACL
_jC-51193
_bR.83597
999 _c72625
_d72625